[Event "HUN-chT2 Breyer 1011"]
[Site "Hungary"]
[Date "2011.04.17"]
[Round "9.2"]
[White "Eperjesi, Laszlo"]
[Black "Legman, Miklos"]
[Result "1/2-1/2"]
[WhiteElo "2240"]
[BlackElo "2095"]
[PlyCount "63"]
[EventDate "2010.09.12"]
[EventType "team-tourn"]
[EventRounds "11"]
[EventCountry "HUN"]
[SourceTitle "EXT 2012"]
[Source "ChessBase"]
[SourceDate "2011.11.24"]
[SourceVersion "1"]
[SourceVersionDate "2011.11.24"]
[SourceQuality "1"]
[WhiteTeam "Torokbalint"]
[BlackTeam "Turul"]
[WhiteTeamCountry "HUN"]
[BlackTeamCountry "HUN"]

1. d4 d5 2. c4 e6 3. Nc3 f5 4. g3 Nf6 5. Bg2 c6 6. Nh3 g6 7. 0-0 Bg7 8. b3 0-0 9. Bb2 Na6 10. e3 Nc7 11. Qc2 Bd7 12. Rad1 h6 13. f3 Be8 14. e4 dxe4 15. fxe4 Ng4 16. Qd2 e5 17. d5 cxd5 18. cxd5 Nb5 19. Nxb5 Bxb5 20. Rb1 Qb6+ 21. Kh1 Rad8 22. Ba3 Rf7 23. Rbc1 Rfd7 24. Bc5 Qf6 25. Nf2 Nxf2+ 26. Qxf2 b6 27. Be3 Bd3 28. exf5 gxf5 29. Rc6 Rd6 30. Rfc1 Bb5 31. Rc7 R6d7 32. a4 1/2-1/2

[Event "HUN-chT2 Breyer 1011"]
[Site "Hungary"]
[Date "2011.04.10"]
[Round "8.2"]
[White "Legman, Miklos"]
[Black "Rosta, Sandor"]
[Result "1/2-1/2"]
[WhiteElo "2095"]
[BlackElo "2137"]
[PlyCount "64"]
[EventDate "2010.09.12"]
[EventType "team-tourn"]
[EventRounds "11"]
[EventCountry "HUN"]
[SourceTitle "EXT 2012"]
[Source "ChessBase"]
[SourceDate "2011.11.24"]
[SourceVersion "1"]
[SourceVersionDate "2011.11.24"]
[SourceQuality "1"]
[WhiteTeam "Turul"]
[BlackTeam "Szazhalombatta"]
[WhiteTeamCountry "HUN"]
[BlackTeamCountry "HUN"]

1. e4 e6 2. d3 d5 3. Nd2 Nf6 4. Ngf3 c5 5. b3 Nc6 6. Bb2 Be7 7. g3 b6 8. Bg2 Bb7 9. 0-0 Qc7 10. Re1 0-0 11. Nf1 Rad8 12. Qe2 d4 13. Bc1 e5 14. h3 Bc8 15. g4 g6 16. Ng3 Ne8 17. Bh6 Ng7 18. Kh1 f6 19. Rg1 Rf7 20. Bf1 Ne6 21. Qd2 Kh8 22. Rg2 Rg8 23. h4 Nf4 24. Bxf4 exf4 25. Ne2 g5 26. h5 Be6 27. Rg1 Ne5 28. Nxe5 fxe5 29. f3 a5 30. a4 Rf6 31. Rg2 Qd7 32. Ng1 Rh6 1/2-1/2

[Event "HUN-chT2 Breyer 1011"]
[Site "Hungary"]
[Date "2011.03.27"]
[Round "7.2"]
[White "Legman, Miklos"]
[Black "Laszlo, Imre"]
[Result "0-1"]
[WhiteElo "2095"]
[BlackElo "2179"]
[PlyCount "76"]
[EventDate "2010.09.12"]
[EventType "team-tourn"]
[EventRounds "11"]
[EventCountry "HUN"]
[SourceTitle "EXT 2012"]
[Source "ChessBase"]
[SourceDate "2011.11.24"]
[SourceVersion "1"]
[SourceVersionDate "2011.11.24"]
[SourceQuality "1"]
[WhiteTeam "Turul"]
[BlackTeam "Geniusz Tata"]
[WhiteTeamCountry "HUN"]
[BlackTeamCountry "HUN"]

1. e4 c5 2. d3 Nc6 3. Nd2 g6 4. g3 Bg7 5. Bg2 d6 6. Ngf3 Nf6 7. 0-0 e5 8. a4 Be6 9. Re1 0-0 10. Nc4 Qd7 11. Bd2 h6 12. Bc3 Nd4 13. Bxd4 cxd4 14. Qd2 Rfc8 15. b3 b6 16. Nh4 Rc5 17. f4 Rac8 18. f5 gxf5 19. Nxf5 Bxf5 20. exf5 Ng4 21. b4 Rxc4 22. dxc4 Rxc4 23. Bd5 Rc3 24. Rf1 Ne3 25. Bb3 Bf6 26. Qe2 Bg5 27. Rf3 e4 28. Rff1 d5 29. h4 Nxf1 30. Kxf1 Rf3+ 31. Kg2 Qd6 32. Kh1 Be3 33. Qh2 Rxf5 34. g4 Rf4 35. Re1 Qf6 36. Qg3 Bf2 37. g5 Bxg3 38. gxf6 Bxe1 0-1

[Event "HUN-chT2 Breyer 0809"]
[Site "Hungary"]
[Date "2009.02.22"]
[Round "8"]
[White "Legman, Miklos"]
[Black "Frank, Jozsef1111"]
[Result "1-0"]
[WhiteElo "2025"]
[BlackElo "2021"]
[PlyCount "105"]
[EventDate "2008.10.26"]
[EventType "team-tourn"]
[EventRounds "11"]
[EventCountry "HUN"]
[SourceTitle "EXT 2010"]
[Source "ChessBase"]
[SourceDate "2010.11.25"]
[SourceVersion "1"]
[SourceVersionDate "2010.11.25"]
[SourceQuality "1"]
[WhiteTeam "Turul"]
[BlackTeam "Dunaharaszti II"]
[WhiteTeamCountry "HUN"]
[BlackTeamCountry "HUN"]

1. e4 e6 2. d3 d5 3. Nd2 b6 4. g3 Bb7 5. Bg2 Ne7 6. b3 c5 7. Bb2 d4 8. a4 g6 9. f4 Bg7 10. Ngf3 0-0 11. 0-0 Nd7 12. Nc4 Qc7 13. e5 Nf5 14. g4 Ne7 15. Qe1 Bd5 16. Qh4 f6 17. Rae1 Bxf3 18. Bxf3 Rab8 19. Bc1 Nd5 20. f5 Nxe5 21. Nxe5 fxe5 22. fxe6 Nb4 23. e7 Rf7 24. Bg5 h6 25. Bxh6 Qxe7 26. Bg5 Bf6 27. Bxf6 Qxf6 28. Qxf6 Rxf6 29. Rxe5 Rbf8 30. Bg2 Rxf1+ 31. Bxf1 Nxc2 32. Re7 Rf7 33. Rxf7 Kxf7 34. Be2 Kf6 35. h4 a6 36. Kf2 b5 37. axb5 axb5 38. Kg3 g5 39. h5 Ke5 40. h6 Kf6 41. Kf3 Kg6 42. Ke4 Nb4 43. Ke5 Kxh6 44. Kd6 c4 45. bxc4 bxc4 46. dxc4 d3 47. Bf3 Kg6 48. c5 Kf6 49. c6 Na6 50. c7 Nxc7 51. Kxc7 Ke5 52. Kd7 Kf4 53. Bd1 1-0